| 000 | 00490nam a2200169 i 4500 | ||
|---|---|---|---|
| 001 | 45152 | ||
| 003 | ES-MaACL | ||
| 005 | 20251004063105.0 | ||
| 007 | t| | ||
| 008 | 030325s1915 sp ||||1| spa d | ||
| 100 | 1 |
_aCodorniu y Stárico, Ricardo, _d1846-1923 _939445 |
|
| 245 | 1 | 0 |
_aFincas y esclavos _b: cuento / _cR. Codorniu. |
| 260 |
_aMurcia : _b[s.n.], _c1915 ( _fImp. "El Tiempo") |
||
| 300 |
_a16 p. ; _c15 cm. |
||
| 852 |
_aES-MaACL _jT-1459-F-2 |
||
| 999 |
_c45152 _d45152 |
||